[Event "PRO League Group Stage"]
[Site "masterchessopen.com chess.com INT"]
[Date "2017.02.11"]
[Round "5"]
[White "Wheeler,Cameron"]
[Black "Makoto,R"]
[Result "1-0"]
[WhiteElo "2398"]
[BlackElo "2403"]

1.e4 e5 2.Bc4 Nf6 3.d4 exd4 4.Nf3 Nc6 5.O-O d6 6.Nxd4 Nxd4 7.Qxd4 Be7 8.Nc3
O-O 9.Bf4 Nd7 10.Nd5 Bf6 11.Nxf6+ Qxf6 12.Qxf6 Nxf6 13.f3 Be6 14.Be2 d5 15.e5
Nd7 16.Rad1 Rfe8 17.Rfe1 c6 18.g4 f6 19.exf6 Nxf6 20.Bd3 Bf7 21.Bd6 Rxe1+
22.Rxe1 Re8 23.Rxe8+ Bxe8 24.Kf2 h6 25.h4 Kf7 26.h5 Ke6 27.Bc5 b6 28.Bf5+ Kf7
29.Bd6 c5 30.Bb8 a6 31.Bc8 a5 32.Bc7 Nd7 33.Bxd7 Bxd7 34.Bxb6 c4 35.Bxa5 g6
36.hxg6+ Kxg6 37.Ke3 Ba4 38.b3 cxb3 39.cxb3 Bb5 40.Bc3 h5 41.gxh5+ Kxh5 42.Kd4
Be2 43.f4 Kg4 44.Ke5 {#r} 1-0

[Event "PRO League Group Stage"]
[Site "masterchessopen.com chess.com INT"]
[Date "2017.02.11"]
[Round "5"]
[White "Finegold,B"]
[Black "Bacrot,E"]
[Result "0-1"]
[WhiteElo "2483"]
[BlackElo "2695"]

1.d4 Nf6 2.c4 g6 3.Nc3 Bg7 4.e4 d6 5.Be2 O-O 6.Nf3 e5 7.dxe5 dxe5 8.Qxd8 Rxd8
9.Nd5 Nxd5 10.cxd5 c6 11.Bc4 b5 12.Bb3 Bb7 13.Bg5 Rc8 14.Rc1 c5 15.a4 a6
16.O-O Nd7 17.Be3 Bf8 18.Bd1 f5 19.exf5 gxf5 20.Be2 c4 21.Rfd1 Bd6 22.Nh4 f4
23.Nf5 Bf8 24.Bd2 Bxd5 25.Bxf4 Be6 26.Nh6+ Kg7 27.Be3 Bc5 28.Ng4 Bxe3 29.Nxe3
Nc5 30.axb5 axb5 31.Rd6 Ra2 32.Nd1 Bf7 33.Rb6 Nb3 34.Rc3 Ra1 35.Rg3+ Kh8 36.h4
Nd4 37.Bg4 Rg8 38.Kh2 h5 39.Rh6+ Kg7 40.Rxh5 Bxh5 41.Be6+ Kf6 42.Bxg8 Rxd1
43.Rg5 Bg6 {#R} 0-1

[Event "PRO League Group Stage"]
[Site "masterchessopen.com chess.com INT"]
[Date "2017.02.11"]
[Round "5"]
[White "Finegold,B"]
[Black "Degraeve,Remy"]
[Result "1-0"]
[WhiteElo "2483"]
[BlackElo "2019"]

1.d4 Nf6 2.c4 g6 3.Nc3 d5 4.e3 Bg7 5.Qb3 dxc4 6.Bxc4 O-O 7.Nf3 Nc6 8.Be2 Qe8
9.O-O e5 10.d5 Ne7 11.e4 Nd7 12.Nb5 Qd8 13.Bg5 a6 14.Nxc7 Nc5 15.Qb6 Na4
16.Qb4 f6 17.Nxa8 fxg5 18.Qxa4 Bd7 19.Qb4 {#r} 1-0

[Event "PRO League Group Stage"]
[Site "masterchessopen.com chess.com INT"]
[Date "2017.02.11"]
[Round "5"]
[White "Sadhwani,Raunak"]
[Black "Yeager,D"]
[Result "1-0"]
[WhiteElo "2218"]
[BlackElo "2280"]

1.e4 c5 2.Nf3 a6 3.c3 d5 4.exd5 Qxd5 5.d4 Nf6 6.Be2 Nc6 7.dxc5 Qxc5 8.Be3 Qd5
9.O-O e5 10.c4 Qxd1 11.Rxd1 Bg4 12.Nc3 Be7 13.Nd5 O-O-O 14.h3 Bxf3 15.Bxf3 e4
16.Be2 Nxd5 17.cxd5 Nb4 18.Rac1+ Kb8 19.Bf4+ Bd6 20.Bxd6+ Rxd6 21.Rc4 a5 22.a3
Na6 23.Rxe4 Nc7 24.Re7 Rf8 25.Bf3 Kc8 26.Rc1 Rd7 27.Bg4 f5 28.d6 fxg4 29.Rxc7+
Rxc7 30.Rxc7+ Kd8 31.Rxb7 Rf6 32.hxg4 Rxd6 33.Rxg7 Rb6 34.Rxh7 Rxb2 35.Rh5 Ke7
36.Rxa5 Kf6 37.f3 Ra2 38.Kh2 Ra1 39.Kg3 Kg6 40.Ra6+ Kf7 41.g5 Rc1 42.f4 Rc3+
43.Kg4 Rc2 44.g3 Rc5 45.Ra7+ Kg8 46.g6 Rc6 47.f5 Rc4+ 48.Kg5 Rc3 49.g4 Rc8
50.Kh6 Rb8 51.f6 Kh8 52.Rh7+ Kg8 53.f7+ {#r} 1-0

[Event "PRO League Group Stage"]
[Site "masterchessopen.com chess.com INT"]
[Date "2017.02.11"]
[Round "5"]
[White "Feng,Maggie"]
[Black "Campbell,Charles"]
[Result "0-1"]
[WhiteElo "2164"]
[BlackElo "2192"]

1.Nf3 Nf6 2.g3 e6 3.Bg2 d5 4.O-O Bd6 5.d4 Nbd7 6.c4 c6 7.Qc2 O-O 8.Nbd2 e5
9.cxd5 cxd5 10.dxe5 Nxe5 11.Nxe5 Bxe5 12.Nf3 Bd6 13.Rd1 h6 14.b3 Qe7 15.Bb2
Be6 16.Nd4 Rac8 17.Qd3 Rfd8 18.Nf5 Bxf5 19.Qxf5 Qe6 20.Qd3 Be5 21.Bxe5 Qxe5
22.Rac1 Qb2 23.Rxc8 Rxc8 24.Bxd5 Qxa2 25.Qf5 Qc2 26.Qxc2 Rxc2 27.Bxb7 Rxe2
28.Ba6 Re7 29.Bc4 g6 30.Kg2 Kg7 31.h4 Ng4 32.Rd4 Ne5 33.Re4 f5 34.Rd4 Rc7
35.Bf1 Rc2 36.Kg1 Nf3+ {#R} 0-1

[Event "PRO League Group Stage"]
[Site "masterchessopen.com chess.com INT"]
[Date "2017.02.11"]
[Round "5"]
[White "Feng,Maggie"]
[Black "Makaj,M"]
[Result "0-1"]
[WhiteElo "2164"]
[BlackElo "2332"]

1.Nf3 g6 2.g3 Bg7 3.d4 Nf6 4.Bg2 O-O 5.O-O d6 6.a4 Nc6 7.a5 a6 8.d5 Nb8 9.Nd4
c5 10.dxc6 Nxc6 11.Nxc6 bxc6 12.Bxc6 Rb8 13.Nc3 Be6 14.Bg2 Qc7 15.e4 Rfc8
16.Re1 Kf8 17.Bf1 Qc6 18.Qd3 Bc4 19.Qxc4 Qxc4 20.Bxc4 Rxc4 21.Ra2 Nd7 22.Bd2
Ne5 23.Kg2 Rc6 24.Rb1 Nc4 25.Be1 Bxc3 26.Bxc3 Ne3+ 27.fxe3 Rxc3 28.Rc1 Rxe3
29.Kf2 Rxe4 30.c3 Rb3 31.Rc2 Ke8 32.Re2 Rc4 33.Ke1 e5 34.Kd2 f6 35.Kc2 Rb8
36.b3 Rc6 37.Ra3 Ke7 38.Kd3 d5 39.b4 Ke6 40.Rb3 Rb5 41.Rbb2 Rc4 42.Rb3 f5
43.Rbb2 g5 44.Rf2 h5 45.Rfc2 h4 46.gxh4 Rxh4 47.c4 Rh3+ 48.Kd2 Rxh2+ 49.Ke3
Rxc2 50.cxb5 Rxb2 51.bxa6 Rh2 52.a7 Rh8 53.b5 Kd6 54.b6 Kc6 55.Kd3 g4 56.Ke3
f4+ 57.Kd3 g3 {#R} 0-1

[Event "PRO League Group Stage"]
[Site "masterchessopen.com chess.com INT"]
[Date "2017.02.11"]
[Round "5"]
[White "Toolin,C"]
[Black "Kantane,Anna"]
[Result "1-0"]
[WhiteElo "2209"]
[BlackElo "2259"]

1.d4 Nf6 2.c4 c5 3.d5 e6 4.Nc3 exd5 5.cxd5 d6 6.e4 g6 7.f3 Bg7 8.Nge2 Nbd7
9.Bg5 Ne5 10.Ng3 h5 11.Be2 h4 12.Nf1 h3 13.g3 a6 14.a4 Qa5 15.Ne3 Qb4 16.Nc2
Qxb2 17.Qd2 Qb6 18.a5 Qc7 19.O-O O-O 20.Ne3 Nh7 21.Bf4 Qe7 22.Rab1 g5 23.Bxe5
Qxe5 24.Na4 Qd4 25.Qxd4 Bxd4 26.Rb3 f5 27.Nb6 Rb8 28.Rd1 f4 29.Rxd4 cxd4
30.Nc2 fxg3 31.hxg3 g4 32.f4 Nf6 33.e5 dxe5 34.fxe5 Nd7 35.Nxd7 Bxd7 36.e6 Bb5
37.Bxb5 axb5 38.Nxd4 Rbc8 39.Rb1 Rfd8 40.Nf5 Rc3 41.e7 Rdc8 42.d6 Rc1+ 43.Rxc1
Rxc1+ 44.Kf2 Kf7 45.d7 Rc2+ 46.Ke3 Rc3+ 47.Kf4 Rc4+ 48.Kg5 {#r} 1-0

[Event "PRO League Group Stage"]
[Site "masterchessopen.com chess.com INT"]
[Date "2017.02.11"]
[Round "5"]
[White "Toolin,C"]
[Black "Kantans,T"]
[Result "0-1"]
[WhiteElo "2209"]
[BlackElo "2456"]

1.d4 Nf6 2.c4 e6 3.Nf3 b6 4.g3 Bb7 5.Bg2 Bb4+ 6.Nbd2 O-O 7.O-O Re8 8.a3 Bf8
9.Qc2 c5 10.e4 d5 11.cxd5 exd5 12.exd5 Nbd7 13.dxc5 bxc5 14.Nc4 Bxd5 15.Bf4
Nb6 16.Nce5 Be4 17.Qb3 c4 18.Qb5 Qd5 19.Qxd5 Nfxd5 20.Bd2 f6 21.Rfe1 Rxe5
22.Nxe5 Bxg2 23.Kxg2 fxe5 24.Rxe5 Bc5 25.Bc3 Rd8 26.Ba5 Bd4 27.Re2 Bf6 28.Kg1
Kf7 29.Rd1 Rc8 30.Red2 Rc5 31.Bxb6 Nxb6 32.Rc2 Rb5 33.Rdd2 Rb3 34.Kf1 g5 35.a4
a5 36.Kg2 Rb4 37.Rd6 Bxb2 38.Kf3 Be5 39.Rh6 c3 40.Rxh7+ Kg6 41.Rb7 g4+ 42.Ke2
Nxa4 43.Ra7 Rb5 44.Kd3 Nb2+ 45.Ke4 Bf6 46.Ra6 Rb4+ 47.Ke3 Kf5 48.Rxa5+ Kg6
49.Ra6 Kf7 50.Ra7+ Kf8 51.Ra8+ Ke7 52.Ra7+ Kd8 53.Ra6 Bd4+ 54.Ke2 Kc7 55.Rg6
Be5 56.Re6 Bd4 57.Rg6 Be5 58.Re6 Bh8 59.Rg6 Kd7 60.Rh6 Be5 61.h3 gxh3 62.Rxh3
Nc4 63.Rh5 Ke6 64.f4 Bf6 65.Rc5 Kd6 66.Rc8 Kd5 67.Rf8 Na3 68.Rc1 Bd4 69.Rd8+
Ke4 {#R} 0-1

[Event "PRO League Group Stage"]
[Site "masterchessopen.com chess.com INT"]
[Date "2017.02.11"]
[Round "5"]
[White "Klaver,C"]
[Black "Wheeler,Cameron"]
[Result "0-1"]
[WhiteElo "2117"]
[BlackElo "2398"]

1.d4 Nf6 2.Nf3 c5 3.e3 e6 4.Bd3 Nc6 5.c3 d5 6.O-O Bd6 7.Nbd2 O-O 8.dxc5 Bxc5
9.e4 e5 10.b4 Bd6 11.b5 Ne7 12.Qc2 Bg4 13.h3 Bh5 14.c4 dxe4 15.Nxe4 Nxe4
16.Bxe4 f5 17.Bxb7 Rb8 18.Ng5 Rxb7 19.Ne6 Qc8 20.Nxf8 Kxf8 21.a4 Rc7 22.Qd2
Rd7 23.Bb2 Qe8 24.Qg5 h6 25.Qc1 Ng6 26.c5 Nf4 27.Re1 Qg6 28.g3 Nd3 29.Qc3 Bxc5
30.Rxe5 Qxg3+ {#R} 0-1

[Event "PRO League Group Stage"]
[Site "masterchessopen.com chess.com INT"]
[Date "2017.02.11"]
[Round "5"]
[White "Klaver,C"]
[Black "Banik,Siddharth G"]
[Result "1-0"]
[WhiteElo "2117"]
[BlackElo "2154"]

1.d4 Nf6 2.Bg5 Ne4 3.h4 d5 4.Nd2 Bf5 5.Nxe4 Bxe4 6.Nf3 c5 7.c3 h6 8.Bf4 Nc6
9.e3 e6 10.Bd3 Be7 11.h5 Qb6 12.Rb1 Qa5 13.Bxe4 dxe4 14.Nd2 Rd8 15.O-O cxd4
16.exd4 Qf5 17.Be3 O-O 18.Qc2 Qxh5 19.Qxe4 e5 20.Qf3 Qxf3 21.Nxf3 e4 22.Ne5
Nxe5 23.dxe5 Rd5 24.e6 fxe6 25.Bxa7 Ra8 26.Bd4 Rxa2 27.Rfe1 e5 28.Rxe4 exd4
29.Rxe7 d3 30.Ree1 d2 31.Red1 b5 32.Kf1 Ra8 33.b3 Rc8 34.Ke2 Re8+ 35.Kf1 Rd3
36.c4 b4 37.Rb2 Rc3 38.g3 Ra8 39.Ke2 Ra3 40.Kxd2 Raxb3 41.Rxb3 Rxb3 42.Rc1 Kf7
43.c5 Ke7 44.c6 Kd8 45.c7+ Kc8 46.Rc2 g5 47.Rc4 Rb2+ 48.Ke3 b3 49.Rc3 h5
50.Kf3 Rb1 51.Kg2 {#r} 1-0

[Event "PRO League Group Stage"]
[Site "masterchessopen.com chess.com INT"]
[Date "2017.02.11"]
[Round "5"]
[White "Chirila,I"]
[Black "Orosz,Andras"]
[Result "1-0"]
[WhiteElo "2533"]
[BlackElo "2323"]

1.d4 Nf6 2.c4 e6 3.Nf3 d5 4.Nc3 Be7 5.Bf4 O-O 6.e3 b6 7.Qc2 Bb7 8.Rd1 Nbd7
9.Be2 Bd6 10.Bg5 a6 11.O-O Qb8 12.cxd5 exd5 13.Bh4 Re8 14.Bg3 c5 15.dxc5 bxc5
16.b3 Bxg3 17.hxg3 Qd6 18.Rc1 Rac8 19.Rfd1 h6 20.Na4 Qe6 21.Bd3 Ne4 22.Bxe4
Qxe4 23.Qxe4 Rxe4 24.Nc3 Re6 25.Nxd5 Nf6 26.Nxf6+ Rxf6 27.Ne5 Re6 28.Nc4 Bc6
29.Na5 Be4 30.Rc4 Re5 31.Rdc1 Bd3 32.R4c3 Bf5 33.b4 Be6 34.a3 c4 35.Nxc4 Bxc4
36.Rxc4 Rxc4 37.Rxc4 Rb5 38.Rc8+ Kh7 39.Rc6 {#r} 1-0

[Event "PRO League Group Stage"]
[Site "masterchessopen.com chess.com INT"]
[Date "2017.02.11"]
[Round "5"]
[White "Katz,Alexander R"]
[Black "Beerdsen,Thomas"]
[Result "1-0"]
[WhiteElo "2335"]
[BlackElo "2413"]

1.e4 e5 2.Nf3 Nc6 3.Bc4 Nf6 4.d3 h6 5.O-O d6 6.a4 g5 7.Nc3 g4 8.Nd2 h5 9.Re1
Rg8 10.Nf1 h4 11.a5 h3 12.g3 Nd4 13.Kh1 Be6 14.Ne3 c6 15.Bxe6 fxe6 16.Nc4 Nf3
17.Re2 Qc7 18.Be3 Bg7 19.d4 exd4 20.Bxd4 e5 21.Be3 Ke7 22.Qd3 Rgd8 23.Rd1 Bf8
24.b4 d5 25.exd5 cxd5 26.Nxe5 Nxe5 27.Bf4 Ne4 28.Nxd5+ Rxd5 29.Qxd5 Qc3
30.Qxe4 Kf7 31.Bxe5 {#r} 1-0

[Event "PRO League Group Stage"]
[Site "masterchessopen.com chess.com INT"]
[Date "2017.02.11"]
[Round "5"]
[White "Chakravarthi,Y"]
[Black "Giannatos,P"]
[Result "0-1"]
[WhiteElo "2047"]
[BlackElo "2284"]

1.d4 e6 2.Bf4 d5 3.e3 Bd6 4.Bxd6 cxd6 5.c3 Nf6 6.Nd2 O-O 7.Bd3 b6 8.f4 Ba6
9.Bxa6 Nxa6 10.Ngf3 b5 11.Qe2 Nc7 12.O-O a5 13.Ne1 Qb8 14.Nd3 b4 15.g4 Qb5
16.Rf2 Nxg4 17.Rg2 f5 18.h3 Nf6 19.Kh2 Rf7 20.Rag1 Nce8 21.Nf3 Ne4 22.Ng5 Nxg5
23.fxg5 g6 24.Qd2 bxc3 25.Qxc3 Rc7 26.Qa3 Rac8 27.Nf4 Kf7 28.h4 Rc2 29.Nd3 Qc4
30.Ne1 Rxg2+ 31.Rxg2 Qb4 32.Qxb4 axb4 33.Nd3 Rb8 34.b3 Ke7 35.Rc2 Kd7 36.Kg3
Nc7 37.h5 Nb5 38.hxg6 hxg6 39.Rh2 Nc3 40.Rh7+ Kc6 41.Re7 Ne4+ 42.Kf4 Rh8
43.Nxb4+ Kb5 44.Rb7+ Ka5 45.a3 Rh4+ 46.Kf3 Nxg5+ 47.Kg3 Rh3+ 48.Kg2 Rxe3 49.a4
Rxb3 50.Nc6+ Kxa4 51.Ra7+ Kb5 52.Rb7+ Kxc6 53.Rxb3 e5 54.Rg3 Ne6 55.dxe5 Nf4+
56.Kf3 dxe5 57.Rg1 d4 58.Rc1+ Kd5 59.Rc8 Ne6 60.Rg8 g5 61.Rg6 g4+ 62.Kf2 d3
63.Ke3 e4 64.Rg8 f4+ 65.Kd2 g3 66.Rg4 Kd4 67.Rg6 e3+ 68.Kd1 Nc5 69.Rd6+ Ke4
70.Rc6 g2 71.Rg6 Kf3 72.Rg5 Ne4 73.Rg7 e2+ {#R} 0-1

[Event "PRO League Group Stage"]
[Site "masterchessopen.com chess.com INT"]
[Date "2017.02.11"]
[Round "5"]
[White "Naroditsky,D"]
[Black "Orosz,Andras"]
[Result "1-0"]
[WhiteElo "2646"]
[BlackElo "2323"]

1.e4 e6 2.d4 d5 3.Nd2 Be7 4.f4 dxe4 5.Nxe4 Nf6 6.Nxf6+ Bxf6 7.Nf3 c5 8.dxc5
Qa5+ 9.c3 Qxc5 10.Bd3 Bd7 11.Bd2 Bc6 12.Qe2 O-O 13.Be3 Qh5 14.O-O Nd7 15.Rad1
Rfd8 16.Qc2 h6 17.Nd4 Nb6 18.Nxc6 bxc6 19.Be4 Rxd1 20.Rxd1 Nd5 21.Bc1 Bd8
22.Bf3 Bb6+ 23.Kh1 Qh4 24.g3 Qf6 25.Qe2 Rb8 26.c4 Ne7 27.b4 c5 28.Bb2 Qg6
29.Be4 f5 30.Bf3 cxb4 31.Bh5 {#r} 1-0

[Event "PRO League Group Stage"]
[Site "masterchessopen.com chess.com INT"]
[Date "2017.02.11"]
[Round "5"]
[White "Nordquelle,Daniel"]
[Black "Caruana,F"]
[Result "0-1"]
[WhiteElo "2083"]
[BlackElo "2827"]

1.e4 c5 2.c3 Nf6 3.e5 Nd5 4.d4 cxd4 5.Nf3 e6 6.cxd4 d6 7.Bc4 Nb6 8.Bb3 dxe5
9.dxe5 Qxd1+ 10.Bxd1 Bd7 11.Nc3 Bc6 12.O-O N8d7 13.Re1 Nc5 14.Bc2 O-O-O 15.Bg5
Rd7 16.Rad1 h6 17.Rxd7 Ncxd7 18.Bc1 Nc4 19.b3 Bb4 20.bxc4 Bxc3 21.Re3 Ba1
22.Be4 Bxe4 23.Rxe4 Rd8 24.Ba3 Nxe5 25.Re1 Nxf3+ 26.gxf3 Bf6 27.Bc5 a6 28.Be3
Rd3 29.Rc1 Kc7 30.Kf1 Kc6 31.Ke2 Ra3 32.Rc2 Ra5 33.Kf1 Rh5 34.Kg2 Rh4 35.Rc1
Bg5 36.Kg3 f5 37.f4 Bf6 38.Rb1 Bd8 39.h3 g5 40.Rd1 Bc7 41.Rd4 e5 42.fxg5 Rxd4
43.Bxd4 exd4+ {#R} 0-1

[Event "PRO League Group Stage"]
[Site "masterchessopen.com chess.com INT"]
[Date "2017.02.11"]
[Round "5"]
[White "Nordquelle,Daniel"]
[Black "Oussedik,E"]
[Result "0-1"]
[WhiteElo "2083"]
[BlackElo "2155"]

1.e4 e6 2.d4 d5 3.Nc3 Nf6 4.Bg5 Be7 5.e5 Nfd7 6.Bxe7 Qxe7 7.f4 a6 8.Nf3 Nb6
9.Qd2 Bd7 10.O-O-O Bb5 11.Nxb5 axb5 12.Kb1 Nc4 13.Bxc4 bxc4 14.g4 Nd7 15.Rhf1
c5 16.f5 h6 17.h4 O-O-O 18.fxe6 fxe6 19.g5 Kb8 20.Qg2 cxd4 21.Nxd4 Nc5 22.Qg4
hxg5 23.hxg5 Qc7 24.Nxe6 Qd7 25.Qxc4 Nxe6 26.Qg4 Rh2 27.g6 Rc8 28.Rc1 Qc6
29.c3 Qb5 30.b3 Qd3+ 31.Ka1 Qd2 {#R} 0-1

[Event "PRO League Group Stage"]
[Site "masterchessopen.com chess.com INT"]
[Date "2017.02.11"]
[Round "5"]
[White "Lapite,Oluwadurotimi"]
[Black "Heimann,Al"]
[Result "1-0"]
[WhiteElo "2067"]
[BlackElo "2271"]

1.e4 g5 2.d4 d5 3.exd5 Qxd5 4.Nc3 Qe6+ 5.Be2 h6 6.Nf3 c6 7.h4 g4 8.Ne5 Nf6
9.Be3 h5 10.Qd2 Qd6 11.Bc4 Be6 12.O-O-O Bxc4 13.Nxc4 Qb4 14.Ne5 e6 15.Bg5 Nd5
16.Nxd5 Qxd2+ 17.Rxd2 cxd5 18.c4 dxc4 19.d5 Bb4 20.Rd4 O-O 21.Bf6 Bc5 22.Rxc4
Bxf2 23.Rf1 Be3+ 24.Kb1 exd5 25.Rf5 Nd7 26.Nxd7 Bh6 27.Rxh5 Kh7 28.Rxg4 Rg8
29.Rxg8 Rxg8 30.Bg5 Kg6 31.Rxh6+ Kf5 32.Nf6 Rc8 33.g4+ Ke5 34.Rh7 Rc7 35.Rh8
Rc4 36.Re8+ Kd4 37.h5 Rc2 38.Kxc2 {#r} 1-0

[Event "PRO League Group Stage"]
[Site "masterchessopen.com chess.com INT"]
[Date "2017.02.11"]
[Round "5"]
[White "Swiercz,D"]
[Black "Bacrot,E"]
[Result "0-1"]
[WhiteElo "2647"]
[BlackElo "2695"]

1.e4 e5 2.Nf3 Nc6 3.Bc4 Bc5 4.O-O Nf6 5.d3 d6 6.a4 a6 7.c3 O-O 8.Bg5 h6 9.Bh4
g5 10.Bg3 Ba7 11.Nbd2 Nh7 12.Kh1 Kh8 13.d4 exd4 14.Nxd4 Nxd4 15.cxd4 f5
16.exf5 Bxf5 17.Qb3 Bxd4 18.Qxb7 Rb8 19.Qxa6 h5 20.f4 Rxb2 21.Rad1 h4 22.Bf2
Bg7 23.Bd3 h3 24.Bxf5 hxg2+ 25.Kxg2 Rxf5 26.Nc4 Ra2 27.Qc6 Rxf4 28.Kg1 Rc2
29.Nxd6 Rxc6 30.Nf7+ Rxf7 31.Rxd8+ Rf8 32.Rd7 Nf6 33.Rd4 Nh5 34.Rg4 Nf4 35.Bg3
Nh3+ 36.Kg2 Rc2+ 37.Kxh3 Rxf1 38.Rxg5 Kh7 39.a5 Rf3 40.a6 Ra3 41.Rh5+ Kg6
42.Rb5 Rxa6 43.Kg4 Kh7 {#R} 0-1

[Event "PRO League Group Stage"]
[Site "masterchessopen.com chess.com INT"]
[Date "2017.02.11"]
[Round "5"]
[White "Swiercz,D"]
[Black "Degraeve,Remy"]
[Result "1-0"]
[WhiteElo "2647"]
[BlackElo "2019"]

1.e4 e5 2.Nf3 Nc6 3.Bb5 Bc5 4.O-O Nd4 5.Nxd4 Bxd4 6.c3 Bb6 7.d4 c6 8.Ba4 d6
9.Re1 h6 10.Na3 Nf6 11.Nc4 O-O 12.Nxb6 axb6 13.Bc2 Be6 14.a3 Re8 15.h3 b5
16.f4 exf4 17.Bxf4 c5 18.d5 Bc8 19.Qf3 Qe7 20.e5 dxe5 21.Bxe5 Nd7 22.Bg3 Qf8
23.Rxe8 Qxe8 24.Re1 Qf8 25.d6 Nf6 26.Re7 Be6 27.Be5 Nd7 28.Qd3 g6 29.Rxe6 {#r}
1-0

[Event "PRO League Group Stage"]
[Site "masterchessopen.com chess.com INT"]
[Date "2017.02.11"]
[Round "5"]
[White "Cremisi,Daniel Josef"]
[Black "Chakravarthi,Y"]
[Result "0-1"]
[WhiteElo "2148"]
[BlackElo "2047"]

1.d4 d5 2.c4 c6 3.Nc3 a6 4.e4 dxe4 5.Nxe4 g6 6.Nf3 Bg7 7.Be3 Bg4 8.Be2 Nf6
9.Nc3 O-O 10.O-O Nbd7 11.Qd2 Re8 12.Rfe1 Nf8 13.Rad1 Qa5 14.h3 Bf5 15.a3 Rad8
16.Bf4 Ne6 17.Be5 h5 18.Ra1 Kh7 19.c5 Nxd4 20.Nxd4 Qxc5 21.Bf1 Bh6 22.f4 Nd7
23.Bc7 Rc8 24.Ba5 e5 25.Na4 Qxd4+ 26.Qxd4 exd4 27.g3 g5 28.Bc4 b5 29.Bxf7
Rxe1+ 30.Rxe1 bxa4 31.Bxh5 Bf8 32.fxg5 Nc5 33.Bb4 Nd3 34.Rf1 Nxb4 35.Rxf5 Nd3
36.Bg4 Kg8 37.h4 Nxb2 38.Rf2 Rb8 39.h5 d3 40.Be6+ Kh8 41.h6 Rd8 42.Rxb2 d2
43.Bg4 Bxa3 44.Rb1 Bc5+ 45.Kg2 Be3 46.g6 Bxh6 47.Ra1 Kg7 48.Bd1 Rd4 49.Rxa4
Rxa4 50.Bxa4 Kxg6 51.Kf3 Kf5 52.Ke2 c5 53.Bd1 c4 54.Ba4 Ke4 55.Kd1 Kd3 56.Be8
Kc3 57.Bd7 a5 58.Bb5 Kb3 59.g4 a4 60.g5 Bxg5 {#R} 0-1

[Event "PRO League Group Stage"]
[Site "masterchessopen.com chess.com INT"]
[Date "2017.02.11"]
[Round "5"]
[White "Cremisi,Daniel Josef"]
[Black "Sai,KG"]
[Result "1-0"]
[WhiteElo "2148"]
[BlackElo "2339"]

1.d4 Nf6 2.Nf3 g6 3.g3 Bg7 4.c4 O-O 5.Nc3 d6 6.Bg2 Nbd7 7.O-O e5 8.b3 Re8
9.Bb2 c6 10.e3 e4 11.Nd2 d5 12.Qc2 a6 13.Rae1 Nf8 14.f3 exf3 15.Bxf3 Bf5
16.Qd1 Ne6 17.cxd5 cxd5 18.Ne2 Ng5 19.Nf4 Rc8 20.Bg2 Qa5 21.a3 Rc2 22.b4 Qd8
23.Bc1 Rc3 24.Nf3 Nxf3+ 25.Bxf3 Be4 26.Bb2 Bxf3 27.Rxf3 Rc6 28.Nd3 b6 29.Ne5
Rc7 30.Ref1 Ree7 31.Rxf6 Bxf6 32.Rxf6 Qc8 33.Rf2 Re6 34.Qf3 f6 35.Ng4 Kg7
36.Qxd5 h5 37.Nxf6 Rxf6 38.Qe5 Qe6 39.Qxc7+ Kh6 40.Rxf6 Qxf6 41.Qf4+ {#r} 1-0

[Event "PRO League Group Stage"]
[Site "masterchessopen.com chess.com INT"]
[Date "2017.02.11"]
[Round "5"]
[White "Debashis,D"]
[Black "Bartholomew,J"]
[Result "1-0"]
[WhiteElo "2472"]
[BlackElo "2447"]

1.d4 d5 2.c4 c6 3.Nf3 Nf6 4.e3 Bf5 5.Nc3 e6 6.Nh4 Be4 7.f3 Bg6 8.Qb3 Qc7 9.Bd2
Be7 10.g3 Nbd7 11.Nxg6 hxg6 12.O-O-O dxc4 13.Bxc4 a6 14.Kb1 b5 15.Be2 c5
16.dxc5 O-O 17.Qc2 Qxc5 18.g4 Rac8 19.Rc1 Qa7 20.Qd1 Nb6 21.h4 Rfd8 22.Ka1 b4
23.Nb1 a5 24.h5 g5 25.e4 a4 26.Rxc8 Rxc8 27.Be3 a3 28.bxa3 bxa3 29.Qd3 Nfd7
30.Bd4 Nc5 31.Qe3 e5 32.Bxe5 Ne6 33.Rc1 Rxc1 34.Qxc1 Nd7 35.Bc3 Qf2 36.Qd2
Ndc5 37.Bd1 Qf1 38.Qe2 Qg1 39.Nxa3 Nxe4 40.fxe4 Bxa3 41.Qe1 Qg2 42.Qd2 Qxe4
43.Qe2 Qh1 44.Qe1 Qc6 45.Qd2 Bf8 46.Bc2 Qh1+ 47.Qd1 Qxd1+ 48.Bxd1 Ba3 49.Bb2
Bd6 50.a4 Nc5 51.a5 Bc7 52.Bc3 Nd7 53.Kb2 Nb8 54.Kb3 Kh7 55.Kc4 g6 56.hxg6+
Kxg6 57.Bc2+ Kh6 58.Kb5 Bxa5 59.Kxa5 Nd7 60.Kb5 Nf8 61.Kc6 Ne6 62.Bf5 Nf4
63.Kd6 Ne2 64.Be5 Ng1 65.Ke7 Nf3 66.Bc3 Nh4 67.Kxf7 Ng6 68.Bg7+ {#r} 1-0

[Event "PRO League Group Stage"]
[Site "masterchessopen.com chess.com INT"]
[Date "2017.02.11"]
[Round "5"]
[White "Debashis,D"]
[Black "Tang,Andrew"]
[Result "1-0"]
[WhiteElo "2472"]
[BlackElo "2466"]

1.d4 d5 2.c4 e6 3.Nc3 Be7 4.cxd5 exd5 5.Bf4 c6 6.e3 Bf5 7.g4 Be6 8.Bd3 Nd7
9.h3 h5 10.gxh5 Ndf6 11.Nf3 Rxh5 12.Ng5 Bg4 13.Qc2 Qd7 14.Rg1 Bxh3 15.Nxh3
Qxh3 16.Rxg7 Qh1+ 17.Bf1 Kf8 18.Rg3 Ne4 19.Nxe4 Qxe4 20.Qb3 b6 21.O-O-O Qe6
22.Be2 Rh8 23.Qc2 Nf6 24.Bd3 Ne4 25.Rg2 Rc8 26.f3 Nd6 27.Kb1 c5 28.Rh2 Bf6
29.Rxh8+ Bxh8 30.Qh2 Ke7 31.e4 dxe4 32.fxe4 Bxd4 33.Rf1 Nxe4 34.Qh7 Nf6 35.Qh1
Qc6 36.Re1+ Kd8 37.Qh8+ Ne8 38.Qf8 Qd7 39.Bb5 Qf5+ 40.Ka1 Bxb2+ 41.Kxb2 Qf6+
42.Kb3 c4+ 43.Ka4 {#r} 1-0

[Event "PRO League Group Stage"]
[Site "masterchessopen.com chess.com INT"]
[Date "2017.02.11"]
[Round "5"]
[White "Daulyte,D"]
[Black "Ruiz C,J"]
[Result "0-1"]
[WhiteElo "2447"]
[BlackElo "2331"]

1.e4 e6 2.d4 d5 3.Nd2 dxe4 4.Nxe4 Nd7 5.Nf3 Ngf6 6.Bd3 Nxe4 7.Bxe4 Nf6 8.Bg5
c5 9.c3 Qb6 10.Bxf6 gxf6 11.O-O cxd4 12.Nxd4 Bg7 13.Qe2 O-O 14.Rad1 f5 15.Bb1
Qc7 16.Rfe1 a6 17.Qh5 Qf4 18.Re3 Qh6 19.Qe2 b5 20.Rh3 Qg5 21.Rg3 Qh6 22.Bc2
Kh8 23.a4 bxa4 24.Bxa4 Bb7 25.Bc2 Rad8 26.Nb3 Rxd1+ 27.Qxd1 Be5 28.Rh3 Qg5
29.g3 Rd8 30.Qe2 Bf6 31.Rh4 Bd5 32.Rf4 Rg8 33.Kf1 Rb8 34.c4 Ba8 35.h4 Qg7
36.c5 Bd5 37.Qd1 Bxb2 38.Nd4 Rd8 39.Qd3 Be4 40.Rxe4 fxe4 41.Qxa6 Bxd4 42.c6
Qf6 43.Qe2 Bxf2 44.c7 Bxg3+ 45.Kg2 Bxc7 46.Qxe4 Rd2+ 47.Kh3 Rh2+ 48.Kg4 Rxh4#
0-1

[Event "PRO League Group Stage"]
[Site "masterchessopen.com chess.com INT"]
[Date "2017.02.11"]
[Round "5"]
[White "Daulyte,D"]
[Black "Belous,V"]
[Result "1-0"]
[WhiteElo "2447"]
[BlackElo "2564"]

1.e4 c5 2.Nf3 Nc6 3.d4 cxd4 4.Nxd4 e5 5.Nb5 d6 6.N1c3 a6 7.Na3 b5 8.Nd5 Nge7
9.c4 Nxd5 10.exd5 Nd4 11.cxb5 g6 12.bxa6 Bg7 13.Nb5 O-O 14.Nxd4 exd4 15.Be2
Re8 16.O-O Rxe2 17.Qxe2 Bxa6 18.Qe4 Bxf1 19.Kxf1 Qa5 20.Qd3 Qxd5 21.a4 Qe5
22.g3 h5 23.h4 Rb8 24.a5 Qd5 25.Kg1 Rb3 26.Qf1 d3 27.a6 Bd4 28.Be3 d2 29.a7
Bxa7 30.Bxa7 g5 31.Be3 gxh4 32.gxh4 Rb4 33.f4 Rb3 34.Kf2 Qe4 35.Qe2 Rxb2
36.Rd1 Rb3 37.Rxd2 Qh1 38.Qf3 Qh2+ 39.Ke1 Qxh4+ 40.Bf2 Qe7+ 41.Kf1 Qf6 42.Qxb3
Qa1+ 43.Rd1 {#r} 1-0

[Event "PRO League Group Stage"]
[Site "masterchessopen.com chess.com INT"]
[Date "2017.02.11"]
[Round "5"]
[White "Derbenev,A"]
[Black "Smith,Bry"]
[Result "0-1"]
[WhiteElo "2376"]
[BlackElo "2423"]

1.d4 Nf6 2.c4 g6 3.Nc3 Bg7 4.e4 d6 5.Be2 O-O 6.Nf3 e5 7.d5 a5 8.h3 Na6 9.Be3
Nd7 10.g4 Ndc5 11.g5 f5 12.gxf6 Qxf6 13.a3 a4 14.Nd2 Bh6 15.Nf3 Bxe3 16.fxe3
Nb3 17.Rb1 Nac5 18.Qc2 Bd7 19.Kf2 Qh4+ 20.Kg2 Qh6 21.Kf2 Rf7 22.Rbg1 Raf8
23.Rg3 Nd4 24.Qd1 Nxe2 25.Qxe2 Qh5 26.Kg2 Kh8 27.Rh2 Nd3 28.Rh1 Nc5 29.Re1 h6
30.Rh1 g5 31.Qd1 Qg6 32.Qc2 Rf6 33.Rh2 Qf7 34.Qe2 Be8 35.Qd1 Qh7 36.Nd2 Rf2+
37.Kg1 Qf7 38.Rgg2 Rf6 39.Qe2 Qg6 40.Rf2 Qg7 41.Rxf6 Rxf6 42.Rf2 Bg6 43.Rxf6
Qxf6 44.Qf2 Qxf2+ 45.Kxf2 Nd3+ 46.Ke2 Nxb2 47.Nb5 Bh5+ 48.Kf1 Kg7 49.Nxc7 Kf7
50.Nb5 Ke7 51.Nc3 Be8 52.c5 dxc5 53.Nf3 Kd6 54.Ke2 b5 55.Kd2 Nc4+ 56.Kd3 Nxa3
57.h4 b4 58.Nh2 Bb5+ 59.Nxb5+ Nxb5 60.h5 b3 61.Ng4 c4+ 62.Kd2 c3+ 63.Kc1 b2+
64.Kc2 Na3+ {#R} 0-1